• 首页
  • 本馆介绍
  • 公告通知
  • 最新文献
  • 馆藏检索
  • 电子资源
  • 读者导购
  • 参考咨询
  • 我的图书馆
  • 登录
  • 详细信息显示
  • 放入我的书架
  • 预约/预借图书
  • 作者相关作品
  • 分类相关作品
  • 丛书相关作品
  • 出版社相关作品

书目信息

  • 表格格式
  • 工作单格式
  • 卡片格式
题名:
同调代数
    
 
作者: 周伯壎 著
分册:  
出版信息: 北京   科学出版社  1988.02
页数: 370页
开本: 20cm
丛书名: 现代数学基础丛书
单 册:
中图分类: O154
科图分类:
主题词: 代数 , 数论 , 组合数学
电子资源:
ISBN: 7-03-000628-3
000 00603nam0 2200241 45
001 0009271024
005 20040518090324.7
010    @a7-03-000628-3@dCNY21.00
100    @a20000927d1988 km y0chiy0120 ea
101 0  @achi
105    @a z 000yy
200 1  @a同调代数@f周伯壎著@FZhou Bo 塂un?
210    @a北京@c科学出版社@d1988.02
215    @a370页@d20cm
225    @a现代数学基础丛书
410    @12001 @a现代数学基础丛书
606 0  @a代数
606 0  @a数论
606 0  @a组合数学
690    @aO154@v1
701  0 @a周伯壎@4著
801    @aCN@bTSTC@c20000927
905    @dO154@e39@f1@b291042
    
    同调代数/周伯壎著.-北京:科学出版社,1988.02
    370页;20cm.-(现代数学基础丛书)
    
    
    ISBN 7-03-000628-3:CNY21.00
    
●
相关链接 在E读中查询图书 在五车中查询图书 在当当中查询图书 在豆瓣中查询图书


正题名:同调代数     索取号:O154/39         预约/预借

序号 登录号 条形码 馆藏地/架位号 状态 备注
1 0210119   000415571   第三借阅区/ [索取号:O154/39] 在馆    
2 0291042   002910425   第三借阅区/ [索取号:O154/39] 在馆    
3 0291043   002910434   第三借阅区/ [索取号:O154/39] 在馆    
4 0291044   002910443   第三借阅区/ [索取号:O154/39] 在馆    
5 0291045   002910452   第三借阅区/ [索取号:O154/39] 在馆    
6 0291046   002910461   第二样本阅览室/ [索取号:O154/39] 在馆    
唐山师范学院图书馆 欢迎您!
大连网信软件有限公司© 版权所有